Statistics for NFL Career Sack Leaders: Top 100

Click here to take the quiz!

General Stats

  • This quiz has been taken 30 times
  • The average score is 36 of 101

Answer Stats

TeamSacksPlayer% Correct
Bills200.0Bruce Smith
92%
49ers87.0Justice Smith
92%
Chiefs104.5Neil Smith
92%
Eagles/Packers198.0Reggie White
92%
Steelers96.5T.J. Watt
92%
Texans114.5J.J. Watt
88%
Dolphins139.5Jason Taylor
84%
Giants132.5Lawrence Taylor
84%
Rams111.0Aaron Donald
80%
Giants141.5Michael Strahan
80%
Cardinals112.0Chandler Jones
76%
Chiefs75.5Chris Jones
76%
Oilers113.0Sean Jones
76%
Broncos123.5Von Miller
76%
Panthers159.5Julius Peppers
72%
Ravens139.0Terrell Suggs
72%
Ram/Panthers/Steelers160.0Kevin Greene
68%
49ers89.5Bryant Young
60%
Chargers82.5Lee Williams
60%
Texans/Bills97.5Mario Williams
60%
Bulls137.5Richard Dent
60%
Cowboys138.5DeMarcus Ware
56%
Chiefs126.5Derrick Thomas
56%
Colts125.5Dwight Freeney
56%
Vikings93.5Henry Thomas
56%
Vikings136.0Jared Allen
56%
Saints117.5Cameron Jordan
52%
Bills72.0Cornelius Bennett
52%
Raiders101.5Khalil Mack
52%
Packers91.5Clay Matthews
48%
Redskins84.5James Harrison
48%
Vikings137.5John Randle
48%
Saints128.0Rickey Jackson
48%
Colts123.0Robert Mathis
48%
Packers81.0Tim Harris
48%
Buccaneers96.5Warren Sapp
48%
Seahawks79.0Chad Brown
44%
49ers/Cowboys100.5Charles Haley
44%
Raiders84.0Howie Long
44%
Browns88.5Myles Garrett
44%
Vikings150.5Chris Doleman
40%
Broncos/Ravens105.5Elvis Dumervil
40%
Jets74.0Mark Gastineau
40%
Steelers80.5Cameron Heyward
32%
Titans74.0Jevon Kearse
32%
Jets/Falcons133.5John Abraham
32%
Giants83.5Leonard Marshall
32%
Lions71.5Ndamukong Suh
32%
Eagles73.0Brandon Graham
28%
Cardinals/Jaguars105.5Calais Campbell
28%
Vikings87.5Danielle Hunter
28%
Redskins97.5Dexter Manley
28%
Seahawks97.5Jacob Greene
28%
Oilers112.0Justin Houston
28%
Cardinals/Buccaneers122.0Simeon Rice
28%
Bears95.0Steve McMichael
28%
Saints82.5Wayne Martin
28%
Patriots100.0Andre Tippett
24%
Bengals75.5Geno Atkins
24%
Saints107.5Pat Swilling
24%
Dolphins100.5Cameron Wake
20%
Benglas100.0Carlos Dunlap
20%
Redskins83.0Charles Mann
20%
Lions/Seahawks74.0Cliff Avril
20%
Giants94.5Jason Pierre-Paul
20%
Rams102.0Robert Quinn
20%
Redskins95.5Ryan Kerrigan
20%
Chargers81.5Shaun Phillips
20%
Broncos97.5Simon Fletcher
20%
Packers/Bills75.0Bryce Paup
16%
Eagles121.5Clyde Simmons
16%
Steelers98.0Joey Porter
16%
Chargers132.5Leslie O'Neal
16%
Lions95.5Robert Porcher
16%
Chiefs89.5Tamba Hali
16%
Patriots86.0Willie McGinest
16%
49ers/Redskins80.5Andre Carter
12%
Falcons84.0Greg Ellis
12%
Eagles80.0Hugh Douglas
12%
Rams/Titans104.5Kevin Carter
12%
Oilers76.5Ray Childress
12%
Jets73.5Shaun Ellis
12%
Eagles90.5Trent Cole
12%
Raiders109.5Greg Townsend
8%
Broncos79.0Karl Mecklenburg
8%
Rams87.5Leonard Little
8%
Dolphins106.0Trance Armstrong
8%
Vikings85.5Everson Griffen
4%
Cowboys102.5Jim Jeffcoat
4%
Packers74.5Kabeer Gbaja-Biamila
4%
Falcons82.5Patrick Kerney
4%
Broncos91.0Trevor Pryce
4%
Bills78.0Aaron Schobel
0%
Steelers80.0Jason Gildon
0%
Redskins89.0Ken Harvey
0%
Raiders/Vikings73.0Lance Johnstone
0%
Cowboys/Saints83.5La'Roi Glover
0%
Seahawks73.5Michael Sinclair
0%
Giants85.0Osi Umenyiora
0%
Browns/Ravens73.0Rob Burnett
0%
Oilers/Eagles100.5William Fuller
0%

Score Distribution

Percentile by Number Answered

Percent of People with Each Score

Your Score History

You have not taken this quiz